2017 Year in Review - Statistics

General Stats
  • This quiz has been taken 103 times
  • The average score is 20 of 63
Answer Stats
Category Clues Answer % Correct
Events This man becomes the 45th US President. Donald Trump
81%
This country is banned from the 2018 Winter Olympics. Russia
69%
Music Shape of You Ed Sheeran
65%
Winter is finally here. Game of Thrones
58%
This eight-time Olympic sprinter gold medalist runs his last race. Usain Bolt
58%
Founder of Playboy. Hugh Hefner
53%
Sports Super Bowl LI winner New England Patriots
53%
This boxer keeps his undefeated record after beating Conor McGregor Floyd Mayweather
48%
This company becomes the first to be worth over more than $800 million. Apple
47%
This pop singer gives birth to twins. Beyonce Knowles
47%
Gal Gadot, Chris Pine, David Thewlis Wonder Woman
47%
Gaming The 7th major console was released by Nintendo. Nintendo Switch
46%
This Netflix show is put into limbo after the main star was accused of sexual assault. House of Cards
44%
"IM PICKLE RICK!" Rick and Morty
44%
NBA Finals winner Golden State Warriors
43%
Humble Kendrick Lamar
43%
Australian Open/Wimbledon champion Roger Federer
43%
A lone terrorist attack in this US city claims 58 lives and injures 546. Las Vegas
42%
This Amazon founder briefly surpasses Bill Gates as worlds richest man for half a day. Jeff Bezos
40%
French Open/U.S Open champion Rafael Nadal
39%
Sign of the Times Harry Styles
38%
Movies Ben Affleck, Gal Gadot, Jason Momoa Justice League
37%
This Big Bang Theory character get's a prequel. Young Sheldon
37%
Thunder Imagine Dragons
36%
Despacito Luis Fonsi
36%
The first Batman. Adam West
35%
La La Land was mistakenly announced winner of the academy award for best picture, when this movie was the actual winner. Moonlight
35%
Chris Hemsworth, Mark Ruffalo, Tom Hiddleston Thor: Ragnarok
33%
World Series winner Houston Astros
31%
TV Will is possesed by the Mind Flayer. Stranger Things
31%
Passionfruit Drake
30%
Stanley Cup winner Pittsburgh Penguins
30%
Emma Watson, Josh Gad, Luke Evans Beauty and the Beast
29%
Lead vocalist of Linkin Park. Chester Bennington
29%
Tom Holland, Robert Downey Jr, Michael Keaton Spider-Man: Homecoming
29%
First female doctor. Doctor Who
28%
Mask Off Future
28%
James Bond actor. Roger Moore
28%
"Free Fallin" singer. Tom Petty
28%
Rugby League World Cup winner Australia
27%
Deaths "Johnny B. Goode" singer. Chuck Berry
26%
Bill Skarsgard, Finn Wolfhard, Jaeden Lieberher It
26%
Mark Hamill, Daisy Ridley, John Boyega Star Wars: The Last Jedi
26%
This shooter game finally went back to it's roots. Call of Duty: WWII
25%
Ansel Elgort, Kevin Spacey, Jamie Foxx Baby Driver
22%
This battle royale game sells over 20 million copies. PlayerUnknown's Battlegrounds
22%
Location Khalid
20%
The All Out War begins against the Saviors. The Walking Dead
18%
Tour de France winner Chris Froome
17%
Chris Pratt, Kurt Russell, Zoe Saldana Guardians of the Galaxy Vol. 2
16%
Microsoft released this console. Xbox One X
16%
This hurricane strikes the Carribean and the US, killing 134 people and causing over $63 billion worth of damage. Hurricane Irma
15%
This country celebrates 150 years since it's formation. Canada
13%
Taron Egerton, Colin Firth, Mark Strong Kingsman: The Golden Circle
13%
AC/DC guitarist and co-founder. Malcolm Young
13%
This 1990 mystery/drama series is revived. Twin Peaks
13%
Dave Franco, James Franco, Seth Rogen The Disaster Artist
12%
Kenneth Branagh, Johnny Depp, Daisy Ridley Murder on the Orient Express
11%
Vin Diesel, Dwayne Johnson, Michelle Rodriguez The Fate of the Furious
10%
Bungie released this sequel. Destiny 2
8%
Actor and slapstick comedian. Jerry Lewis
4%
One take episode. Mr. Robot
3%
This Nintendo game wins Game of the Year. The Legend of Zela: Breath of the Wind
2%
No matching quizzes found
Score Distribution
Percent of People with Each Score
Percentile by Number Answered
Your Score History
You have not taken this quiz